00821 2200277 4500001002100000005001500021035002500036008004100061020002200102040001700124082001700141084001900158100001400177245010100191260003100292300003800323504003300361650003800394700001000432850001200442007000300454090002300457090002100480999002100501990002100522INLIS00000000001681820200723034231 a0010-011600000000909160128s2015 yoia g ind d a978-602-288-207-7 aYOPDYOGbind04222a658.8777 a658.8777 NIS b0 aNisrina M00aBisnis online :bmanfaat media sosial dalam meraup uang /cpenulis, Nisrina M; penyunting, Witia3 aYogyakarta :bKobis,c2015 a200 halaman :bilustrasi ;c20 cm aBibliografi: halaman 199-200 4aKeahlian menjual barang--xOnline0 aWitia aYOPDYOGta aDEP 658.8777 NIS b aCB-D.11 2015-885 aCB-D.11/2015-885 aCB-D.11/2015-885